Statistics for Every Teams Best MLB Player Ever

Click here to take the quiz!

General Stats

  • This quiz has been taken 22 times
  • The average score is 16 of 30

Answer Stats

HintAnswer% Correct
YankeesBabe Ruth
100%
OriolesCal Ripken Jr
79%
PadresTony Gwynn
74%
RoyalsGeorge Brett
68%
AngelsMike Trout
68%
GiantsBarry Bonds
63%
BravesHank Aaron
63%
MarinersKen Griffey Jr
63%
RedsPete Rose
63%
DiamondbacksRandy Johnson
63%
PiratesRoberto Clemente
63%
TwinsWalter Johnson
63%
MarlinsGiancarlo Stanton
58%
PhilliesMike Schmidt
58%
RangersNolan Ryan
58%
Red SoxTed Williams
58%
White SoxFrank Thomas
53%
DodgersJackie Robinson
53%
CardinalsAlbert Pujols
47%
TigersTY Cobb
47%
AstrosJeff Bagwell
42%
AthleticsMark Mcgwire
42%
CubsSammy Sosa
42%
MetsTom Seaver
37%
NationalsVladimir Guerrero
37%
BrewersRyan Braun
32%
Blue JaysDave Stieb
26%
GuardiansManny Ramirez
26%
RaysCarl Crawford
21%
RockiesNolan Arenado
21%

Score Distribution

Percentile by Number Answered

Percent of People with Each Score

Your Score History

You have not taken this quiz